00680 2200229 4500001002100000005001500021035002000036007000300056008004100059020001600100082001000116084001600126100002400142245011200166260004000278300003300318650002600351700002100377520003000398990001100428990001100439INLIS00000000000319520190220103231 a0010-0219000137ta190220 g 0 ind  a602663407-x a616.7 a616.7 VIC m0 aVICYNTHIA, Tjahyadi1 aMengenal, Mencegah dan Mengatasi Silent Killer, Osteoporosis /cVicynthia Tjahyadi; editor, Astri Pratiwi P aYogyakarta :bRomawi Pustaka,c2017 avi, 153 hlm :bilus ;c20 cm aPENYAKIT.OSTEOPOROSIS0 aASTRI, Pratiwi P aBibliografi: hlm. 151-153 a6525 a a6525 b